<?xml version="1.0" encoding="UTF-8"?>
<record
    xmlns:xsi="http://www.w3.org/2001/XMLSchema-instance"
    xsi:schemaLocation="http://www.loc.gov/MARC21/slim http://www.loc.gov/standards/marcxml/schema/MARC21slim.xsd"
    xmlns="http://www.loc.gov/MARC21/slim">

  <leader>03310nam a2200349 a 4500</leader>
  <controlfield tag="003">OSt</controlfield>
  <controlfield tag="005">20240909120026.0</controlfield>
  <controlfield tag="007">cr ||||||a|c|a</controlfield>
  <controlfield tag="008">240909s2023    mx |||afom||| 001 0 spa d</controlfield>
  <datafield tag="040" ind1=" " ind2=" ">
    <subfield code="e">rda</subfield>
  </datafield>
  <datafield tag="100" ind1="1" ind2=" ">
    <subfield code="a">Sandoval P&#xE9;rez Jos&#xE9; Antonio</subfield>
    <subfield code="9">189572</subfield>
  </datafield>
  <datafield tag="245" ind1="1" ind2="0">
    <subfield code="a">Modelos matem&#xE1;ticos que describen el comportamiento de los componentes morfol&#xF3;licos del Triticum aestivum L. variedad valles /</subfield>
    <subfield code="c">por Jos&#xE9; Antonio Sandoval P&#xE9;rez; director de tesis Sergio Ib&#xE1;n Mendoza Pedroza; secretario Pablo Alfredo Dom&#xED;nguez Mart&#xED;nez; vocal Fernando Garc&#xED;a Cer&#xF3;n; suplente Jos&#xE9; Isidro Alejos de la Fuente; suplente Jos&#xE9; Melquiades Monz&#xF3;n Armenta.</subfield>
  </datafield>
  <datafield tag="264" ind1=" " ind2="1">
    <subfield code="a">Chapingo, M&#xE9;xico :</subfield>
    <subfield code="b">El autor,</subfield>
    <subfield code="c">2023.</subfield>
  </datafield>
  <datafield tag="300" ind1=" " ind2=" ">
    <subfield code="a">1 recurso en l&#xED;nea (61 p&#xE1;ginas):</subfield>
    <subfield code="b">cuadros, figuras.</subfield>
  </datafield>
  <datafield tag="336" ind1=" " ind2=" ">
    <subfield code="2">rdacontent</subfield>
    <subfield code="a">texto</subfield>
    <subfield code="b">txt</subfield>
  </datafield>
  <datafield tag="337" ind1=" " ind2=" ">
    <subfield code="2">rdamedia</subfield>
    <subfield code="a">computadora</subfield>
    <subfield code="b">c</subfield>
  </datafield>
  <datafield tag="338" ind1=" " ind2=" ">
    <subfield code="2">rdacarrier</subfield>
    <subfield code="a">recurso en l&#xED;nea</subfield>
    <subfield code="b">cr</subfield>
  </datafield>
  <datafield tag="502" ind1=" " ind2=" ">
    <subfield code="b">IAEZ</subfield>
    <subfield code="c">Zootecn&#xED;a</subfield>
    <subfield code="d">2023.</subfield>
    <subfield code="g">LIC</subfield>
  </datafield>
  <datafield tag="504" ind1=" " ind2=" ">
    <subfield code="a">Incluye referencias bibliogr&#xE1;ficas: p&#xE1;ginas 42-51.</subfield>
  </datafield>
  <datafield tag="520" ind1=" " ind2=" ">
    <subfield code="a">El prop&#xF3;sito de este estudio fue determinar los modelos matem&#xE1;ticos adecuados que puedan pronosticar el comportamiento de la acumulaci&#xF3;n de materia seca total y materia seca acumulada por componente morfol&#xF3;gico en la especie Triticum aestivum L. variedad Valles. Para que se lograra fue necesario implementar un dise&#xF1;o experimental que permitiera capturar medidas sobre el tallo, hoja, material senescente y acumulaci&#xF3;n de biomasa total respecto a diferentes par&#xE1;metros cuantitativos que fueron los d&#xED;as despu&#xE9;s de la siembra, la altura total, altura comprimida y radiaci&#xF3;n interceptada. Se prepar&#xF3; el terreno, se realiz&#xF3; la siembra con semilla pura germinable de Triticum aestivum L. variedad Valles y se aplic&#xF3; fertilizante 45 d&#xED;as despu&#xE9;s. Se realiz&#xF3; la captura de datos de altura total, altura comprimida y porcentaje de radiaci&#xF3;n interceptada cada 15 d&#xED;as hasta terminar el experimento. Se realiz&#xF3; el procedimiento de secado en la obtenci&#xF3;n de materia seca total del forraje y de materia seca por elemento morfol&#xF3;gico. Los resultados obtenidos fueron capturados y empleados para modelar funciones matem&#xE1;ticas que arrojaron diferentes curvas de crecimiento donde la materia seca total presento un comportamiento lineal respecto a los d&#xED;as despu&#xE9;s de la siembra. La materia seca en hoja, tallo y materia senescente present&#xF3; una curva de acumulaci&#xF3;n de materia seca en forma sigmoidal, presentando diferentes velocidades de crecimiento respecto a los d&#xED;as despu&#xE9;s de la siembra y a la radiaci&#xF3;n interceptada en forma de porcentaje.</subfield>
  </datafield>
  <datafield tag="650" ind1=" " ind2="4">
    <subfield code="a">Trigo</subfield>
    <subfield code="x">Producci&#xF3;n</subfield>
    <subfield code="9">115082</subfield>
  </datafield>
  <datafield tag="650" ind1=" " ind2="4">
    <subfield code="a">Trigo</subfield>
    <subfield code="x">Modelos matem&#xE1;ticos</subfield>
    <subfield code="9">115063</subfield>
  </datafield>
  <datafield tag="650" ind1=" " ind2="4">
    <subfield code="a">Trigo</subfield>
    <subfield code="x">Fisiolog&#xED;a y morfolog&#xED;a</subfield>
    <subfield code="9">115027</subfield>
  </datafield>
  <datafield tag="650" ind1=" " ind2="4">
    <subfield code="a">Trigo</subfield>
    <subfield code="x">Materia seca</subfield>
    <subfield code="x">Determinaci&#xF3;n</subfield>
    <subfield code="9">115056</subfield>
  </datafield>
  <datafield tag="700" ind1="1" ind2=" ">
    <subfield code="a">Mendoza Pedroza, Sergio Ib&#xE1;n</subfield>
    <subfield code="9">74719</subfield>
    <subfield code="e">Director de tesis.</subfield>
  </datafield>
  <datafield tag="700" ind1="1" ind2=" ">
    <subfield code="a">Dom&#xED;nguez Mart&#xED;nez, Pablo Alfredo</subfield>
    <subfield code="9">33846</subfield>
    <subfield code="e">Secretario.</subfield>
  </datafield>
  <datafield tag="700" ind1="1" ind2=" ">
    <subfield code="a">Gonz&#xE1;lez Cer&#xF3;n, Fernando</subfield>
    <subfield code="9">48783</subfield>
    <subfield code="e">Vocal.</subfield>
  </datafield>
  <datafield tag="700" ind1="1" ind2=" ">
    <subfield code="a">Alejos de la Fuente, Jos&#xE9; Isidro</subfield>
    <subfield code="9">3759</subfield>
    <subfield code="e">Suplente.</subfield>
  </datafield>
  <datafield tag="700" ind1="1" ind2=" ">
    <subfield code="a">Monz&#xF3;n Armenta, Jos&#xE9; Melquiades</subfield>
    <subfield code="9">78028</subfield>
    <subfield code="e">Suplente.</subfield>
  </datafield>
  <datafield tag="856" ind1=" " ind2=" ">
    <subfield code="u">http://10.13.5.2/tesis/tl/1612285-9_SANDOVAL_PEREZ_JOSEANTONIO.pdf</subfield>
    <subfield code="z">DESCARGAR PDF</subfield>
  </datafield>
  <datafield tag="942" ind1=" " ind2=" ">
    <subfield code="2">Clasificaci&#xF3;n Universidad Aut&#xF3;noma Chapingo</subfield>
    <subfield code="c">TD</subfield>
  </datafield>
  <datafield tag="999" ind1=" " ind2=" ">
    <subfield code="c">220150</subfield>
    <subfield code="d">220150</subfield>
  </datafield>
  <datafield tag="952" ind1=" " ind2=" ">
    <subfield code="0">0</subfield>
    <subfield code="1">0</subfield>
    <subfield code="2">local</subfield>
    <subfield code="4">0</subfield>
    <subfield code="5">1</subfield>
    <subfield code="7">0</subfield>
    <subfield code="8">TesDigL</subfield>
    <subfield code="a">BD</subfield>
    <subfield code="b">BD</subfield>
    <subfield code="c">E_L</subfield>
    <subfield code="d">2024-09-09</subfield>
    <subfield code="l">0</subfield>
    <subfield code="o">Tesis digital</subfield>
    <subfield code="r">2024-09-09 12:19:26</subfield>
    <subfield code="w">2024-09-09</subfield>
    <subfield code="y">TD</subfield>
  </datafield>
</record>
